Zawodnicy którzy wygrali złotą piłke - Statystyki

Ogólne statystyki
  • Ten quiz został rozwiązany 756 razy
  • Średni wynik to 8 z 17
Answers on the Grid
Answers color-coded by a green-red scale on the quiz's grid according to % correct below.
Rodri
Kylian Mbappé
Ronaldo
Karim Benzema
Luka Modrić
Neymar
Didier Drogba
Fabio Cannavaro
Ronaldinho
Andrij Szewczenko
Oliver Kahn
David Beckham
Rivaldo
Predrag Mijatović
Roberto Baggio
Alfredo Di Stéfano
Gheorghe Hagi
George Weah
Thierry Henry
Andrea Pirlo
Christo Stoiczkow
Matthias Sammer
Michael Laudrup
Éric Cantona
Marco van Basten
Karl-Heinz Rummenigge
Luís Figo
Raúl
Samuel Eto’o
Pavel Nedvěd
 
Statystyki odpowiedzi
Odpowiedź % Poprawnych
Rodri
94%
Ronaldo
89%
Karim Benzema
87%
Luka Modrić
87%
Ronaldinho
74%
Andrij Szewczenko
66%
Fabio Cannavaro
62%
Alfredo Di Stéfano
38%
Rivaldo
34%
Pavel Nedvěd
32%
Luís Figo
31%
George Weah
30%
Marco van Basten
29%
Christo Stoiczkow
24%
Roberto Baggio
24%
Karl-Heinz Rummenigge
15%
Matthias Sammer
13%
Nie znaleziono quizów pasujących do podanych kryteriów
Rozkład punktacji
Procent ludzi z każdym wynikiem
Percentyl według liczby udzielonych odpowiedzi
Twoja historia wyników
Nie rozwiązałeś tego quizu